Enciclopedia COMBI Visual (Registro nro. 32310)

Detalles MARC
000 -CABECERA
Longitud fija campo de control 00644nam a22002057a 4500
003 - IDENTIFICADOR DELl NÚMERO DE CONTROL
Identificador del número de control OSt
005 - FECHA Y HORA DE LA ÚLTIMA TRANSACCIÓN
Fecha y hora de la última transacción 20210701103544.0
008 - CÓDIGOS DE INFORMACIÓN DE LONGITUD FIJA
Códigos de información de longitud fija 210701b ||||| |||| 00| 0 eng d
040 ## - FUENTE DE LA CATALOGACIÓN
Centro transcriptor BCRI
082 ## - NÚMERO DE LA CLASIFICACIÓN DECIMAL DEWEY
Númeroo de clasificación 030
245 ## - MENCIÓN DE TÍTULO
Título Enciclopedia COMBI Visual
Mención de responsabilidad, etc. Dirección: Sven Lidman; Ilustrador: Erik Magnusson; Edición: Ann-Marie Lund.
260 ## - PUBLICACIÓN, DISTRIBUCIÓN, ETC. (PIE DE IMPRENTA)
Lugar de publicación, distribución, etc. Barcelona
Nombre del editor, distribuidor, etc. Ediciones Danae
Fecha de publicación, distribución, etc. 1971
300 ## - DESCRIPCIÓN FÍSICA
Extensión 5 v.
Otras características físicas il.
Dimensiones 25 cm.
504 ## - NOTA DE BIBLIOGRAFÍA, ETC
Nota de bibliografía, etc. Incluye referencias bibliográficas
650 #0 - PUNTO DE ACCESO ADICIONAL DE MATERIA - TÉRMINO DE MATERIA
9 (RLIN) 3638
Término de materia o nombre geográfico como elemento inicial Enciclopedias
700 ## - PUNTO DE ACCESO ADICIONAL - NOMBRE DE PERSONA
9 (RLIN) 45430
Nombre de persona Lidman, Sven
700 ## - PUNTO DE ACCESO ADICIONAL - NOMBRE DE PERSONA
9 (RLIN) 45431
Nombre de persona Magnusson, Erik
700 ## - PUNTO DE ACCESO ADICIONAL - NOMBRE DE PERSONA
9 (RLIN) 45432
Nombre de persona Lund, Ann-Marie
942 ## - ENTRADA DE ELEMENTOS AGREGADOS (KOHA)
Fuente de clasificaión o esquema Dewey Decimal Classification
Koha [por defecto] tipo de item 1- Monografias
Parte de clasificación prozim
Existencias
Suprimido Perdido Fuente de clasificación o esquema Estropeado Restricciones de uso No para préstamo Código de colección Localización permanente Localización actual Localización en estanter&íacute;as Fecha adquisición Fuente de adquisición Número de inventario Préstamos totales Signatura completa Código de barras Fecha última consulta Fecha del precio de reemplazo Tipo de item de Koha
NULL NULL Dewey Decimal Classification NULL Prestable NULL NULL Biblioteca Centro Regional de Ilobasco Biblioteca Centro Regional de Ilobasco Sala Principal 11/06/2021 Donado por Adolfo Rios Mixco LI005350   030 ENC (Vol. I) 1048470 01/07/2021 01/07/2021 1- Monografias
NULL NULL Dewey Decimal Classification NULL Prestable NULL NULL Biblioteca Centro Regional de Ilobasco Biblioteca Centro Regional de Ilobasco Sala Principal 11/06/2021 Donado por Adolfo Rios Mixco LI005351   030 ENC (Vol. II) 1048471 01/07/2021 01/07/2021 1- Monografias
NULL NULL Dewey Decimal Classification NULL Prestable NULL NULL Biblioteca Centro Regional de Ilobasco Biblioteca Centro Regional de Ilobasco Sala Principal 11/06/2021 Donado por Adolfo Rios Mixco LI005352   030 ENC (Vol. III) 1048472 01/07/2021 01/07/2021 1- Monografias
NULL NULL Dewey Decimal Classification NULL Prestable NULL NULL Biblioteca Centro Regional de Ilobasco Biblioteca Centro Regional de Ilobasco Sala Principal 11/06/2021 Donado por Adolfo Rios Mixco LI005353   030 ENC (Vol. IV) 1048473 01/07/2021 01/07/2021 1- Monografias
NULL NULL Dewey Decimal Classification NULL Prestable NULL NULL Biblioteca Centro Regional de Ilobasco Biblioteca Centro Regional de Ilobasco Sala Principal 11/06/2021 Donado por Adolfo Rios Mixco LI005354   030 ENC (Vol. V) 1048474 01/07/2021 01/07/2021 1- Monografias